| 000 | 00404cam a22001337a 4500 | ||
|---|---|---|---|
| 008 | 180718b1998 xxu||||| |||| 00| 0 eng d | ||
| 082 | _aAPPPA 97-98 ROY/18 | ||
| 100 | _aRoy, Sudripto | ||
| 245 |
_aPrivatization and disinvestment in India _cby Sudripto Roy |
||
| 260 |
_aNew Delhi _bIndian Institute of Public Administration _c1998 |
||
| 300 | _a95p. | ||
| 650 | _aAPPPA | ||
| 650 | _aPrivatization - India | ||
| 999 |
_c485694 _d485694 |
||